000 00743 a2200205 4500
999 _c3862
_d3862
020 _a0821926365
050 _aPN59 LIT 2003
100 _aSkiba, Laurie
_eeditor
245 _aLiterarate and the language arts:
_bUnderstanding Literature/
_cLaurie Skiba and others
250 _aFlorida Edition
_bAnnotated Teacher's edition
264 _aMinnesota
_bEMC/Paradigm Publiishing
_c2003
300 _a1168p. :
_bill.
440 _aThe EMC Masterpiece Series
500 _aIncludes index
650 _aLanguage arts (Elementary) -- Textbooks.
_xLanguage arts (Secondary) -- Textbooks.
700 _aOwens, Brenda
_eeditor
700 _aColeman, Lori Ann
_eeditor
700 _aMoen, Diana
_eeditor
942 _2lcc
_cBK
_eFlorida Edition
_h59
_iLIT
_kPN